| 000 | 00473nam a2200205Ia 4500 | ||
|---|---|---|---|
| 003 | OSt | ||
| 005 | 20220928140513.0 | ||
| 006 | a|||||r|||| 00| 0 | ||
| 007 | ta | ||
| 008 | 220927b |||||||| |||| 00| 0 eng d | ||
| 024 | _a9023 | ||
| 037 | _cTextual | ||
| 040 |
_aSDCL _cSDCL _beng |
||
| 041 |
_2eng _aeng |
||
| 082 | _aD6,8(B),45, M7 | ||
| 245 | 0 | _aUser's guide . | |
| 260 | _c1987 | ||
| 942 |
_hD6,8(B),45, M7 _cTEXL _2CC |
||
| 999 |
_c811786 _d811786 |
||